The earth : an introduction to its physical and human geography
Saved in:
| Main Author: | |
|---|---|
| Format: | Book |
| Language: | English |
| Published: |
New York :
John Wiley and Sons,
1995
|
| Edition: | 4th ed. |
| Subjects: | |
| Tags: |
Add Tag
No Tags, Be the first to tag this record!
|
MARC
| LEADER | 00000nam a2200000 i 4500 | ||
|---|---|---|---|
| 001 | 1/11792 | ||
| 008 | 980112s1995 eng d | ||
| 020 | |a 0-471-00336-0 | ||
| 035 | |1 ΠΑΡ |a 1997 |l 10018385 | ||
| 040 | |a GR-MY-UA |b gre |e aacr | ||
| 041 | 0 | |a eng | |
| 082 | 0 | |a 910 | |
| 100 | 1 | |a De Blij, Harm J. | |
| 245 | 1 | 4 | |a The earth : |b an introduction to its physical and human geography / |c H. J. de Blij |
| 250 | |a 4th ed. | ||
| 260 | |a New York : |b John Wiley and Sons, |c 1995 | ||
| 300 | |a xi, 468 σ.; |b έγχρ. εικ., έγχρ. χάρτες; |c 29 εκ. | ||
| 504 | |a Περιέχει βιβλιογραφικές παραπομπές (σ. 443-450) και ευρετήριο | ||
| 650 | 0 | 0 | |a Geography. |
| 852 | |a INST |b LESVOS |e 19980112 |h 910 DEB |p 005100015282 |q 005100015282 |t BK |y 0 | ||
| 909 | |a Λ |b 052098 | ||
| 950 | |a 170/1996-02-06 | ||